000 01064nam a2200241Ia 4500
003 GCL
005 20240530095518.0
008 140319s9999 xx 000 0 ara d
020 _a0892299953
040 _aGCL /
_cGCL
082 0 4 _a327.1
_bم د
100 1 _aمجموعة من الكتاب والباحثين الاسرائيليين
245 1 0 _aالدور الاسرائيلى فى الحرب الامريكية على العراق /
_cمجموعة من الكتاب والباحثين الاسرائيليين
250 _aالاولى
260 _aالقاهرة :
_bمكتبة مدبولى ،
_c2005
300 _a183 ص ؛
_c24 سم
650 0 4 _aالنزاع العربى الاسرائيلى
650 0 4 _aالاعتداء الامريكى على العراق
650 0 4 _aالعراق - تاريخ - العصر الحديث - الاحتلال الامريكي
650 0 4 _aالاعتداء الامريكى على العراق - الدور الاسرائيلى
700 1 _aاحمد ابو هدبة ، مترجم
942 _2ddc
_cBK
999 _c7950
_d7950